000 01332nam a2200337Ia 4500
001 ebr10100380
003 CaPaEBR
006 m u
007 cr cn|||||||||
008 090506s1999 nyu sbe 001 0 eng d
010 _z 99011065
020 _z0203800222
020 _z0815313446 (alk. paper)
040 _aCaPaEBR
_cCaPaEBR
035 _a(OCoLC)567972432
050 1 4 _aK204
_b.K9 1999eb
082 0 4 _a340/.1
_221
245 0 4 _aThe philosophy of law.
_nVolume 2, K-Z
_h[electronic resource] :
_ban encyclopedia /
_ceditor, Christopher Berry Gray.
260 _aNew York :
_bGarland Pub.,
_c1999.
300 _av., 477 p.
490 1 _aGarland reference library of the humanities ;
_vv. 1743
504 _aIncludes bibliographical references and indexes.
533 _aElectronic reproduction.
_bPalo Alto, Calif. :
_cebrary,
_d2009.
_nAvailable via World Wide Web.
_nAccess may be limited to ebrary affiliated libraries.
650 0 _aLaw
_xPhilosophy
_vEncyclopedias.
650 0 _aPhilosophy.
655 7 _aElectronic books.
_2local
700 1 _aGray, Christopher B.
710 2 _aebrary, Inc.
830 0 _aGarland reference library of the humanities ;
_vv. 1743.
856 4 0 _uhttp://site.ebrary.com/lib/rucke/Doc?id=10100380
_zAn electronic book accessible through the World Wide Web; click to view
999 _c96514
_d96514